000 00666cam a22002172 4500
001 0000020497
005 20151217152216.0
008 110920s xx 000 0 eng d
040 _aKABU
_cKABU
100 1 _aNdirangu, Simon.
_@0000180918
245 1 2 _aA history of nursing in Kenya /
_cSimon Ndirangu.
250 _a1st ed.
260 _aNairobi :
_bKLB,
_c1982.
300 _axii, 152 p.
650 0 _aNursing
_xHistory
_zKenya.
_@0000180919
650 0 _aPublic health
_xHistory
_zKenya.
_@0000180920
650 0 _aMedical care
_xHistory
_zKenya.
_@0000180921
852 1 _9p197 KES
908 _a110920
950 _@1
999 _c9365
_d9365